000 00606nam a2200205Ia 4500
003 IN-BaIIA
008 211028s9999 xx 000 0 eng d
020 _a0-07-007071-7
040 _cIIA Library
080 _a(035)621.86
_bBRA
100 _aBrady, G. S
_916632
245 0 _aMaterials handbook
_cG S Brady and H R Clauser
250 _a12thed
260 _aNew York
_bMcGraw-Hill
_c1989
300 _aix,1038p.
650 _aAstronomy and Astrophysics Thesaurus
650 _aHandbooks-Materials
_95082
700 _aClauser, H R
_916633
942 _cBK
999 _c9821
_d9821